| 000 | 00966nam a2200241 i 4500 | ||
|---|---|---|---|
| 001 | 9040 | ||
| 003 | ES-MaACL | ||
| 005 | 20230906145605.0 | ||
| 007 | t| | ||
| 008 | 930201s1992 sp a |||| | spa d | ||
| 020 | _a84-600-8222-9 | ||
| 080 | _a378.4(464.1)"18/19" | ||
| 245 | 0 | 3 |
_aLa Universidad en Madrid _b: presencias y aportes en los siglos XIX y XX. |
| 260 |
_aMadrid : _bConsorcio para la Organización de Madrid Capital Europea de la Cultura 1992 : _bSecretaría General del Consejo de Universidades, _cD.L. 1992. |
||
| 300 |
_a394 p. : _bil. ; _c27 cm. |
||
| 650 | 1 | 4 |
_aUniversidades- _zMadrid- _vHistoria- _vExposiciones. _9168160 |
| 655 | 7 |
_2tgfbne _9193628 _aCatálogos de exposiciones |
|
| 710 | 2 |
_aConsorcio para la Organización de Madrid Capital Europea de la Cultura 1992. _93260 |
|
| 710 | 2 |
_aConsejo de Universidades (España). _bSecretaría General. _93193 |
|
| 852 |
_aES-MaACL _jL-16458 |
||
| 942 | _2udc | ||
| 999 |
_c9040 _d9040 |
||